| 000 | 00335nam a2200133Ia 4500 | ||
|---|---|---|---|
| 005 | 20260328104304.0 | ||
| 008 | 260328s9999||||xx |||||||||||||| ||und|| | ||
| 100 | _aAlvear, Miguel | ||
| 245 | 0 |
_aArte contemporanéo y patios de Quito / _cMiguel Alvear |
|
| 260 | _bArteducarte | ||
| 300 | _a141 p. | ||
| 650 | _aECUADOR | ||
| 942 | _cBK | ||
| 999 |
_c10689 _d10689 |
||